孩子,当我们一起跨栏 (Record no. 40627)

000 -LEADER
fixed length control field 00526nam a22001937a 4500
003 - CONTROL NUMBER IDENTIFIER
control field MPLRDC
005 - DATE AND TIME OF LATEST TRANSACTION
control field 20220104143517.0
008 - FIXED-LENGTH DATA ELEMENTS--GENERAL INFORMATION
fixed length control field 210129b ||||| |||| 00| 0 eng d
020 ## - INTERNATIONAL STANDARD BOOK NUMBER
International Standard Book Number 978-967-5127-10-6
082 ## - DEWEY DECIMAL CLASSIFICATION NUMBER
Classification number 529.6 YJP
100 ## - MAIN ENTRY--PERSONAL NAME
Personal name 徐嘉萍、许慧珊、白洁玲、叶玉卿
245 ## - TITLE STATEMENT
Title 孩子,当我们一起跨栏
Statement of responsibility, etc.
250 ## - EDITION STATEMENT
Edition statement 初版
260 ## - PUBLICATION, DISTRIBUTION, ETC.
Place of publication, distribution, etc. 马来西亚
Name of publisher, distributor, etc. 露台工作室
Date of publication, distribution, etc. 2011
300 ## - PHYSICAL DESCRIPTION
Other physical details CD一片
490 ## - SERIES STATEMENT
Series statement 有情系列: 5
650 ## - SUBJECT ADDED ENTRY--TOPICAL TERM
Topical term or geographic name entry element 特殊儿童教育
942 ## - ADDED ENTRY ELEMENTS (KOHA)
Koha item type Book
-- 529.6 YJP
Holdings
Withdrawn status Lost status Source of classification or shelving scheme Damaged status Not for loan Collection code Home library Current library Shelving location Date acquired Cost, normal purchase price Total Checkouts Full call number Barcode Date last seen Date last checked out Price effective from Koha item type Public note
            Malaysian Public Library, Research and Development Centre Malaysian Public Library, Research and Development Centre   10/12/2007 20.00   529.6 YJP 00040767 18/03/2021 23/11/2013 18/03/2021 Book mplrdc

© 2022. Malaysian Public Library, Research and Development Centre. All Right ReservedE-mailmplrdc@help.edu.my 

Powered by Koha